[Event "Las Americas op U2400 Hybrid"]
[Site "Internet"]
[Date "2022.06.04"]
[Round "4.8"]
[White "Flores Guerrero, Jesus Aldair"]
[Black "Garcia, Cecil"]
[Result "1/2-1/2"]
[WhiteElo "2169"]
[BlackElo "2027"]
[PlyCount "96"]
[EventDate "2022.06.04"]
[EventType "swiss"]
[EventRounds "6"]
[EventCountry "VEN"]
[SourceTitle "EXT 2024"]
[Source "ChessBase"]
[SourceDate "2023.10.10"]
[SourceVersion "1"]
[SourceVersionDate "2023.10.10"]
[SourceQuality "1"]

1. f4 d5 2. Nf3 Nf6 3. e3 c5 4. d4 cxd4 5. exd4 Bg4 6. Be2 e6 7. Ne5 Bxe2 8. Qxe2 Nc6 9. c3 Be7 10. Nd2 0-0 11. 0-0 Qd6 12. g4 Nd7 13. Nxd7 Qxd7 14. Nf3 Bd6 15. Be3 Qc7 16. Ne1 Rae8 17. Rd1 Na5 18. Bc1 Nc4 19. Rd3 Be7 20. Rh3 Nd6 21. Nd3 Ne4 22. g5 g6 23. Nf2 Nxf2 24. Qxf2 f6 25. Qh4 Rf7 26. Qg4 Bd6 27. Re3 fxg5 28. Rxe6 Rxe6 29. Qxe6 Bxf4 30. Bxf4 gxf4 31. Qxd5 Qe7 32. Qe5 Qxe5 33. dxe5 g5 34. Kf2 Re7 35. Re1 g4 36. Re4 h5 37. Rxf4 Rxe5 38. Rb4 b6 39. a4 Kf7 40. Rb5 Rxb5 41. axb5 h4 42. Ke3 g3 43. hxg3 hxg3 44. b4 Ke6 45. c4 Ke5 46. c5 bxc5 47. bxc5 Kd5 48. c6 Kd6 1/2-1/2